Za Emanuelom Muntágom

Bibliographic Details
Format: Article
Language:Slovak
PhysicalDescription:Fotogr.
ISSN:0862-8823
Subjects:

MARC

LEADER 00000nab a2200000 ar4500
001 vtls008996419
003 SK-MaSNL
005 20260225143421.0
008 070606c2007 xo sr|p|||||||000 b|slo
015 |a SNBRB2007/06  |2 snkbucl 
038 |a SNKBUCL 
040 |a SNKBUCL  |b slo  |c SNKBUCL  |e AACR2 
041 |a slo 
044 |a xo  |c SK 
080 |a 78.072  |2 1997 
080 |a 01-051  |2 1997 
245 0 0 |a Za Emanuelom Muntágom 
300 |b Fotogr. 
600 1 7 |a Muntág, Emanuel,  |d 1929-2007   |2 snkbucl 
773 0 |t Slovenské národné noviny  |g Roč. 18 (22), č. 11 (2007), s. 2  |x 0862-8823 
852 |a SNK  |b KIS3GCP 
958 |a BX 
999 |c 1752523  |d 1754453